000 00913nam a22002652 4500
001 0000018831
003 OSt
005 20231030115500.0
008 100805s xx 000 0 eng d
020 _a1292266023
040 _aKABU
_cKABU
050 _aHD62.7
_b.S33 2019
100 1 _aScarborough, Norman M.
245 1 0 _aEssentials of entrepreneurship and small business management /
_cNorman M. Scarborough.
250 _a9th ed.
_bGlobal edition
260 _aEngland:
_bPearson Education Limited
_c2019.
300 _a827p.
650 0 _aSmall business
_xManagement.
650 0 _aNew business enterprises
_xManagement.
700 _aJeffrey R. Cornell
908 _a100805
942 _2lcc
_cBK
_e6th
_hHD62.7
_i.S33 2019 c. 1
999 _c18519
_d18519